| Tag |
First Indicator |
Second Indicator |
Subfields |
| LEADER |
00000cam a2200000 a 4500 |
| 001 |
in00001404522 |
| 005 |
20151020052251.0 |
| 008 |
970415s1997 nvuab b f000 0 eng d |
| 010 |
|
|
|a gp 97065805
|
| 035 |
|
|
|a (OCoLC)36739930
|
| 035 |
|
|
|9 AHM3412AM
|
| 040 |
|
|
|d MIA
|d AGL
|d GPO
|d DLC
|d MvI
|d UtOrBLW
|
| 043 |
|
|
|a n-us-nv
|
| 070 |
0 |
|
|a GB701.W375
|b no.96-4311
|
| 072 |
|
0 |
|a P200
|
| 074 |
|
|
|a 0624-B
|
| 086 |
0 |
|
|a I 19.42/4:96-4311
|
| 090 |
|
|
|a GB701
|b .W375 no.96-4311
|
| 100 |
1 |
|
|a Handman, Elinor H.
|
| 245 |
1 |
0 |
|a Ground-water resources of northern Big Smoky Valley, Lander and Nye counties, central Nevada.
|
| 246 |
2 |
|
|a Ground water resources of northern Big Smoky Valley, Lander and Nye Counties, central Nevada
|
| 264 |
|
1 |
|a Carson City, Nev. :
|b U.S. Dept. of the Interior, U.S. Geological Survey ;
|c 1997.
|
| 264 |
|
2 |
|a Denver, CO :
|b Branch of Information Services [distributor],
|
| 300 |
|
|
|a vi, 97 pages :
|b illustrations, maps ;
|c 28 cm.
|
| 336 |
|
|
|a text
|b txt
|2 rdacontent
|
| 337 |
|
|
|a unmediated
|b n
|2 rdamedia
|
| 338 |
|
|
|a volume
|b nc
|2 rdacarrier
|
| 490 |
1 |
|
|a Water-resources investigations report ;
|v 96-4311
|
| 500 |
|
|
|a Shipping list number: 97-0204-P.
|
| 504 |
|
|
|a Includes bibliographical references (pages 93-94).
|
| 650 |
|
0 |
|a Groundwater
|z Nevada
|z Lander County.
|
| 650 |
|
0 |
|a Groundwater
|z Nevada
|z Nye County.
|
| 650 |
|
0 |
|a Water resources development
|z Nevada
|z Lander County.
|
| 650 |
|
0 |
|a Water resources development
|z Nevada
|z Nye County.
|
| 650 |
|
0 |
|a Water-supply
|z Nevada
|z Lander County.
|
| 650 |
|
0 |
|a Water-supply
|z Nevada
|z Nye County.
|
| 700 |
1 |
|
|a Kilroy, Kathryn C.
|
| 710 |
1 |
|
|a Nye County (Nev.)
|
| 710 |
2 |
|
|a Geological Survey (U.S.)
|
| 830 |
|
0 |
|a Water-resources investigations report ;
|v 96-4311.
|
| 999 |
|
|
|a MARS
|
| 999 |
f |
f |
|s acf36002-4d83-377e-94a9-a876c8f9997c
|i 26ebe775-032e-3d5a-a791-2a7b5c3669ce
|t 0
|
| 952 |
f |
f |
|p normal
|a Texas A&M University
|b College Station
|c Sterling C. Evans Library
|d Evans: US Documents (Annex 5th floor)
|t 0
|e I 19.42/4:96-4311
|h Superintendent of Documents classification
|i unmediated -- volume
|m A14821265303
|
| 998 |
f |
f |
|a I 19.42/4:96-4311
|t 0
|l Evans: US Documents (Annex 5th floor)
|